[Event "CAN-op (Pinnacle 48th CAN Op Ch)"]
[Site "Toronto CAN"]
[Date "2011.07.09"]
[Round "1"]
[White "Miller, David"]
[Black "Humphreys, Michael"]
[Result "0-1"]
[WhiteElo "1936"]
[BlackElo "2277"]
[PlyCount "130"]
[GameId "2160767909706970"]
[EventDate "2011.07.09"]
[EventType "swiss"]
[EventRounds "9"]
[EventCountry "CAN"]
[SourceTitle "EXT 2022"]
[Source "ChessBase"]
[SourceDate "2021.10.06"]
[SourceVersion "1"]
[SourceVersionDate "2021.10.06"]
[SourceQuality "1"]

1. e4 c6 2. d4 d5 3. Nd2 dxe4 4. Nxe4 Bf5 5. Ng3 Bg6 6. Nf3 Nd7 7. h4 h6 8. h5 Bh7 9. Bd3 Bxd3 10. Qxd3 e6 11. Bf4 Qa5+ 12. Bd2 Bb4 13. Ne4 Bxd2+ 14. Qxd2 Qxd2+ 15. Nfxd2 Ke7 16. O-O-O Ngf6 17. c4 Rhd8 18. Kc2 Rac8 19. c5 Nd5 20. Nd6 Rb8 21. a3 b6 22. b4 a5 23. bxa5 bxc5 24. dxc5 Nxc5 25. N6c4 Rb5 26. Rb1 f6 27. g3 Rdb8 28. Rhe1 Na4 29. Ne4 Rxb1 30. Rxb1 Rxb1 31. Kxb1 f5 32. Ned2 Nc5 33. Kc2 Nf6 34. Nb3 Na6 35. Kc3 Ne4+ 36. Kd4 c5+ 37. Ke3 Kd7 38. Nbd2 Nf6 39. Ne5+ Kd6 40. Ndc4+ Kd5 41. f3 Nxh5 42. g4 Nf6 43. gxf5 exf5 44. Kf4 Ke6 45. Ng6 Nd5+ 46. Kg3 Kf6 47. Nge5 g5 48. Nd7+ Ke6 49. Nde5 h5 50. Nd3 f4+ 51. Kh3 Ne3 52. Nce5 Kf5 53. Nc6 Nc2 54. Ne7+ Ke6 55. Ng6 c4 56. Ndxf4+ Kf5 57. Nxh5 Kxg6 58. Ng3 Ne3 59. Ne4 Nd5 60. Kg3 c3 61. Nxc3 Nxc3 62. Kh3 Kf5 63. Kg3 Na4 64. Kg2 Kf4 65. Kf2 N4c5 0-1

[Event "CAN-op (Pinnacle 48th CAN Op Ch)"]
[Site "Toronto CAN"]
[Date "2011.07.09"]
[Round "1"]
[White "Moffat, Andrei"]
[Black "Chernik, Dmitry"]
[Result "1-0"]
[WhiteElo "2215"]
[BlackElo "1897"]
[PlyCount "75"]
[GameId "2160767909706971"]
[EventDate "2011.07.09"]
[EventType "swiss"]
[EventRounds "9"]
[EventCountry "CAN"]
[SourceTitle "hb 2011"]

1. e4 d6 2. d4 Nf6 3. Nc3 e5 4. dxe5 dxe5 5. Qxd8+ Kxd8 6. f4 Bb4 7. Bd3 Bxc3+ 8. bxc3 Re8 9. fxe5 Nxe4 10. Nf3 Nxc3 11. O-O Be6 12. Ng5 Nd7 13. Nxf7+ Kc8 14. Bd2 Nd5 15. Bxh7 a5 16. Ng5 Ra6 17. Bd3 Rc6 18. Nxe6 Rcxe6 19. Bxa5 Rxe5 20. Rf7 g6 21. Bd2 Nc5 22. Bxg6 Re2 23. Rf2 Rxf2 24. Kxf2 Rf8+ 25. Kg1 Nf4 26. Bxf4 Rxf4 27. Rd1 Rf6 28. Bh5 Ne4 29. Bg4+ Kb8 30. Bf3 Nc3 31. Rd8+ Ka7 32. Rd3 Nxa2 33. Ra3+ Ra6 34. Rxa6+ bxa6 35. h4 Nc3 36. h5 Nb5 37. h6 Nd6 38. Bh5 1-0

[Event "CAN-op (Pinnacle 48th CAN Op Ch)"]
[Site "Toronto CAN"]
[Date "2011.07.09"]
[Round "1"]
[White "Opaska, Michael"]
[Black "Macak, Stefan"]
[Result "0-1"]
[WhiteElo "2001"]
[BlackElo "2391"]
[PlyCount "66"]
[GameId "2160767909706973"]
[EventDate "2011.07.09"]
[EventType "swiss"]
[EventRounds "9"]
[EventCountry "CAN"]
[SourceTitle "EXT 2022"]
[Source "ChessBase"]
[SourceDate "2021.10.06"]
[SourceVersion "1"]
[SourceVersionDate "2021.10.06"]
[SourceQuality "1"]

1. c4 c5 2. g3 Nf6 3. Bg2 d5 4. cxd5 Nxd5 5. Nc3 Nc7 6. d3 e5 7. a3 Be7 8. Rb1 Nc6 9. Bxc6+ bxc6 10. Nf3 f6 11. O-O O-O 12. Qa4 Bh3 13. Qxc6 Bxf1 14. Kxf1 Qd6 15. Qe4 Rfd8 16. Qc4+ Qe6 17. e4 Rab8 18. Ne1 Rb3 19. Nc2 Rdb8 20. Ra1 Qxc4 21. dxc4 Ne6 22. h4 Nd4 23. Nxd4 cxd4 24. Nd5 Kf7 25. Bd2 Rxb2 26. Bb4 Bd8 27. c5 a5 28. c6 axb4 29. axb4 Rc2 30. Ra7+ Kg8 31. Rb7 Rc8 32. b5 d3 33. Ke1 Ba5+ 0-1

[Event "CAN-op (Pinnacle 48th CAN Op Ch)"]
[Site "Toronto CAN"]
[Date "2011.07.09"]
[Round "1"]
[White "Perez Rodriguez, Luis Manuel"]
[Black "Back, Jeff"]
[Result "1-0"]
[WhiteElo "2467"]
[BlackElo "2053"]
[PlyCount "59"]
[GameId "2160767909706976"]
[EventDate "2011.07.09"]
[EventType "swiss"]
[EventRounds "9"]
[EventCountry "CAN"]
[SourceTitle "EXT 2022"]
[Source "ChessBase"]
[SourceDate "2021.10.06"]
[SourceVersion "1"]
[SourceVersionDate "2021.10.06"]
[SourceQuality "1"]

1. e4 d5 2. exd5 Qxd5 3. Nc3 Qa5 4. d4 c6 5. Bc4 Bf5 6. Qe2 Nf6 7. Bd2 e6 8. Nd5 Qd8 9. Nxf6+ gxf6 10. O-O-O Nd7 11. g4 Bg6 12. f4 f5 13. Bd3 Nf6 14. gxf5 Bh5 15. Nf3 Qd5 16. Rhf1 Qxa2 17. c4 O-O-O 18. Bc3 Bd6 19. Kc2 Qa4+ 20. Kb1 Bxf4 21. fxe6 Rhe8 22. d5 cxd5 23. Bxf6 Rxe6 24. Bf5 Bg6 25. Qd3 Rdd6 26. cxd5 Ra6 27. Bxg6 Rxf6 28. Qc2+ Kb8 29. Qxa4 Rxa4 30. Bxh7 1-0

[Event "CAN-op (Pinnacle 48th CAN Op Ch)"]
[Site "Toronto CAN"]
[Date "2011.07.09"]
[Round "1"]
[White "Picana, Andrew"]
[Black "Nasir, Pi"]
[Result "1-0"]
[WhiteElo "2140"]
[BlackElo "1599"]
[PlyCount "77"]
[GameId "2160767909706977"]
[EventDate "2011.07.09"]
[EventType "swiss"]
[EventRounds "9"]
[EventCountry "CAN"]
[SourceTitle "hb 2011"]

1. c4 e6 2. d4 d5 3. Nf3 Nf6 4. Bg5 Be7 5. e3 c5 6. Bd3 Nc6 7. Nc3 O-O 8. O-O b6 9. Rc1 Bb7 10. cxd5 Nxd5 11. Bxe7 Qxe7 12. dxc5 Ndb4 13. Bb1 Rfd8 14. Qa4 bxc5 15. Rfd1 c4 16. Qb5 h6 17. Qxc4 Rac8 18. Qe4 f5 19. Qh4 Qf8 20. a3 g5 21. Qc4 Rxd1+ 22. Rxd1 Nd5 23. Nxd5 Ne5 24. Qa4 Nxf3+ 25. gxf3 Bxd5 26. e4 fxe4 27. Bxe4 Rc4 28. Qa5 Bxe4 29. Rd8 Bxf3 30. Rxf8+ Kxf8 31. h3 Rc1+ 32. Kh2 h5 33. Kg3 Bd5 34. f3 h4+ 35. Kg4 Rg1+ 36. Kh5 Bxf3+ 37. Kh6 Rd1 38. Qxg5 Rd7 39. Qf6+ 1-0

[Event "CAN-op (Pinnacle 48th CAN Op Ch)"]
[Site "Toronto CAN"]
[Date "2011.07.09"]
[Round "1"]
[White "Pieri, Enzo"]
[Black "Barrios, Felix"]
[Result "0-1"]
[WhiteElo "1734"]
[BlackElo "2172"]
[PlyCount "64"]
[GameId "2160767909706978"]
[EventDate "2011.07.09"]
[EventType "swiss"]
[EventRounds "9"]
[EventCountry "CAN"]
[SourceTitle "hb 2011"]

1. d4 Nf6 2. Nf3 a6 3. e3 d6 4. Bd3 Nbd7 5. Nbd2 e5 6. dxe5 dxe5 7. c3 Be7 8. O-O O-O 9. Ne4 Nxe4 10. Bxe4 Bd6 11. Bc2 f5 12. e4 f4 13. Nd2 Qh4 14. Bb3+ Kh8 15. Be6 Nc5 16. Bxc8 Raxc8 17. Nf3 Qh5 18. Qd5 Rcd8 19. b4 c6 20. Qc4 b5 21. Qe2 Na4 22. Qc2 Rf6 23. Bd2 Rg6 24. Kh1 Rxg2 25. Kxg2 Qg4+ 26. Kh1 Qxf3+ 27. Kg1 Bc7 28. Qd1 Qh3 29. Kh1 Nxc3 30. Bxc3 Rxd1 31. Raxd1 Qxc3 32. Rd7 Qf3+ 0-1

[Event "CAN-op (Pinnacle 48th CAN Op Ch)"]
[Site "Toronto CAN"]
[Date "2011.07.09"]
[Round "1"]
[White "Regan, Kenneth"]
[Black "Chan, James"]
[Result "1/2-1/2"]
[WhiteElo "2422"]
[BlackElo "2022"]
[PlyCount "117"]
[GameId "2160767909706982"]
[EventDate "2011.07.09"]
[EventType "swiss"]
[EventRounds "9"]
[EventCountry "CAN"]
[SourceTitle "EXT 2022"]
[Source "ChessBase"]
[SourceDate "2021.10.06"]
[SourceVersion "1"]
[SourceVersionDate "2021.10.06"]
[SourceQuality "1"]

1. e4 c5 2. c3 e6 3. d4 d5 4. e5 Qb6 5. a3 Nc6 6. Nf3 c4 7. Nbd2 Na5 8. Be2 Bd7 9. O-O Ne7 10. Qc2 Qc7 11. Ng5 Nc8 12. Nxh7 Be7 13. f4 Nb6 14. a4 O-O-O 15. Ng5 Rdf8 16. Bd1 Kb8 17. b4 cxb3 18. Nxb3 Nbc4 19. Bg4 Qb6 20. Nxa5 Nxa5 21. Ba3 Bxa3 22. Rxa3 f6 23. Rb1 Qc6 24. Nh7 Rf7 25. Qg6 Be8 26. Rb5 Re7 27. Qd3 Nc4 28. Rc5 Qb6 29. exf6 gxf6 30. Nxf6 Nxa3 31. Nxd5 Bg6 32. Qxg6 exd5 33. Qxb6 axb6 34. Rxd5 Rc7 35. f5 Rxc3 36. f6 Rf8 37. Rf5 Nc2 38. Bh5 Nxd4 39. Rf4 Rc5 40. Rxd4 Rxh5 41. g4 Rh4 42. Rf4 Rg8 43. h3 Rxh3 44. Kg2 Rd3 45. Kf2 Kc7 46. g5 Rd6 47. Kf3 Rxg5 48. f7 Rd8 49. f8=Q Rxf8 50. Rxf8 Ra5 51. Rf4 b5 52. axb5 Rxb5 53. Rf7+ Kb6 54. Ke4 Rc5 55. Kd4 Rc8 56. Kd3 Ka6 57. Rf2 b5 58. Rc2 Rxc2 59. Kxc2 1/2-1/2

[Event "CAN-op (Pinnacle 48th CAN Op Ch)"]
[Site "Toronto CAN"]
[Date "2011.07.09"]
[Round "1"]
[White "Renteria, Rolando"]
[Black "Finlay, Ian"]
[Result "1-0"]
[WhiteElo "2346"]
[BlackElo "1984"]
[PlyCount "79"]
[GameId "2160767909706983"]
[EventDate "2011.07.09"]
[EventType "swiss"]
[EventRounds "9"]
[EventCountry "CAN"]
[SourceTitle "EXT 2022"]
[Source "ChessBase"]
[SourceDate "2021.10.06"]
[SourceVersion "1"]
[SourceVersionDate "2021.10.06"]
[SourceQuality "1"]

1. e4 c5 2. Nf3 e6 3. d4 cxd4 4. Nxd4 Nc6 5. Nc3 Nf6 6. Ndb5 d6 7. Bf4 e5 8. Bg5 a6 9. Bxf6 gxf6 10. Na3 b5 11. Nd5 f5 12. g3 Rb8 13. Bg2 Bg7 14. O-O f4 15. c3 Ne7 16. Nc2 Nxd5 17. exd5 Qg5 18. Nb4 O-O 19. Nc6 Rb7 20. a4 bxa4 21. Qd2 Bh6 22. Rxa4 fxg3 23. Qxg5+ Bxg5 24. fxg3 Rxb2 25. h4 Bd8 26. Nxd8 Rxd8 27. Rc4 Bd7 28. Rc7 Be8 29. h5 Kg7 30. g4 h6 31. Kh2 Ra8 32. Kg3 a5 33. Be4 a4 34. Bg6 Rb6 35. Bxf7 Bxf7 36. Rfxf7+ Kg8 37. Rg7+ Kh8 38. g5 Rb1 39. Kg2 Rb2+ 40. Kh3 1-0

[Event "CAN-op (Pinnacle 48th CAN Op Ch)"]
[Site "Toronto CAN"]
[Date "2011.07.09"]
[Round "1"]
[White "Roller, Robert"]
[Black "Puri, Vinny"]
[Result "1/2-1/2"]
[WhiteElo "2057"]
[BlackElo "2256"]
[PlyCount "40"]
[GameId "2160767909706984"]
[EventDate "2011.07.09"]
[EventType "swiss"]
[EventRounds "9"]
[EventCountry "CAN"]
[SourceTitle "CBM 143 Extra"]
[Source "ChessBase"]
[SourceDate "2011.08.29"]
[SourceVersion "1"]
[SourceVersionDate "2011.08.29"]
[SourceQuality "1"]

1. e4 e5 2. Nf3 Nc6 3. d4 exd4 4. Nxd4 Nf6 5. Nxc6 bxc6 6. e5 Qe7 7. Qe2 Nd5 8. c4 Ba6 9. g3 Nb6 10. b3 Qe6 11. Bb2 Bb4+ 12. Nd2 O-O 13. O-O-O Qe7 14. Nb1 Rab8 15. Qg4 Bc5 16. f4 Be3+ 17. Kc2 Nxc4 18. Bxc4 Bxc4 19. f5 Bd5 20. Rhe1 Qc5+ 1/2-1/2

[Event "CAN-op (Pinnacle 48th CAN Op Ch)"]
[Site "Toronto CAN"]
[Date "2011.07.09"]
[Round "1"]
[White "Roy, Myriam"]
[Black "Birarov, Vladimir"]
[Result "0-1"]
[WhiteElo "1935"]
[BlackElo "2267"]
[PlyCount "66"]
[GameId "2160767909706985"]
[EventDate "2011.07.09"]
[EventType "swiss"]
[EventRounds "9"]
[EventCountry "CAN"]
[SourceTitle "hb 2011"]

1. e4 c5 2. Nf3 Nc6 3. d4 cxd4 4. Nxd4 Nf6 5. Nc3 e5 6. Ndb5 d6 7. Bg5 a6 8. Na3 b5 9. Nd5 Be7 10. Bxf6 Bxf6 11. c3 O-O 12. Nc2 Bg5 13. a4 bxa4 14. Rxa4 a5 15. Bc4 Rb8 16. b3 Kh8 17. O-O g6 18. f4 exf4 19. Nxf4 Ne5 20. Bd5 f5 21. exf5 Bxf5 22. Ne6 Bxe6 23. Rxf8+ Qxf8 24. Bxe6 Qf6 25. Bd5 Rf8 26. Ra1 Qf2+ 27. Kh1 Bd2 28. Bc4 Bxc3 29. Rb1 Nxc4 30. bxc4 Be5 31. Qd3 Qf4 32. g3 Qf3+ 33. Qxf3 Rxf3 0-1

[Event "CAN-op (Pinnacle 48th CAN Op Ch)"]
[Site "Toronto CAN"]
[Date "2011.07.09"]
[Round "1"]
[White "Rozentalis, Eduardas"]
[Black "Caire, Francois"]
[Result "1-0"]
[WhiteElo "2571"]
[BlackElo "2150"]
[PlyCount "101"]
[GameId "2160767909706986"]
[EventDate "2011.07.09"]
[EventType "swiss"]
[EventRounds "9"]
[EventCountry "CAN"]
[SourceTitle "CBM 143 Extra"]
[Source "ChessBase"]
[SourceDate "2011.08.29"]
[SourceVersion "1"]
[SourceVersionDate "2011.08.29"]
[SourceQuality "1"]

1. e4 e5 2. Nf3 Nc6 3. Bb5 a6 4. Bxc6 dxc6 5. Nc3 f6 6. d4 exd4 7. Nxd4 c5 8. Nde2 Qxd1+ 9. Nxd1 Bd7 10. Bf4 O-O-O 11. Ne3 Ne7 12. O-O-O Re8 13. Nc3 Bc6 14. f3 b5 15. Ncd5 Nxd5 16. Nxd5 Bd6 17. Bxd6 cxd6 18. Ne3 Kc7 19. Rd3 Re6 20. Rhd1 Rd8 21. g4 g6 22. h4 Re5 23. a3 Rd7 24. b4 Re6 25. bxc5 dxc5 26. Rxd7+ Bxd7 27. Nd5+ Kc8 28. g5 fxg5 29. hxg5 Bc6 30. Nf4 Re5 31. Rg1 c4 32. Kd2 Kc7 33. Kc3 Re7 34. Rh1 Kd6 35. Kd4 Ba8 36. Ne2 Bc6 37. Rh3 Bd7 38. Rh4 Rf7 39. f4 Be6 40. Nc3 Rb7 41. Nd1 a5 42. Ne3 Bg8 43. f5 gxf5 44. Rh6+ Ke7 45. Nxf5+ Kd7 46. Ne3 b4 47. axb4 Rxb4 48. Nd5 Rb8 49. Ra6 Bxd5 50. exd5 Rb2 51. c3 1-0

[Event "CAN-op (Pinnacle 48th CAN Op Ch)"]
[Site "Toronto CAN"]
[Date "2011.07.09"]
[Round "1"]
[White "Serbanescu, Natasa"]
[Black "Demmery, Steve"]
[Result "0-1"]
[WhiteElo "1871"]
[BlackElo "2208"]
[PlyCount "72"]
[GameId "2160767909706990"]
[EventDate "2011.07.09"]
[EventType "swiss"]
[EventRounds "9"]
[EventCountry "CAN"]
[SourceTitle "hb 2011"]

1. e4 c6 2. d4 d5 3. exd5 cxd5 4. Bb5+ Bd7 5. Bxd7+ Qxd7 6. Nf3 Nc6 7. O-O e6 8. Bf4 Rc8 9. c3 Nf6 10. Nbd2 Be7 11. Re1 O-O 12. Ne5 Nxe5 13. dxe5 Ne8 14. Nf3 Nc7 15. Qe2 Na6 16. Nd4 Rc4 17. Qg4 Rfc8 18. Re3 Bf8 19. Rh3 Nb4 20. Qh5 h6 21. Be3 Nc6 22. g4 Qe7 23. f4 g6 24. Qh4 Qxh4 25. Rxh4 Nxd4 26. Bxd4 Bc5 27. Bxc5 R8xc5 28. Rf1 Kg7 29. Rh3 b5 30. a3 a5 31. Rd3 b4 32. axb4 axb4 33. cxb4 Rxb4 34. Rc3 Rcb5 35. f5 Rxg4+ 36. Kh1 gxf5 0-1

[Event "CAN-op (Pinnacle 48th CAN Op Ch)"]
[Site "Toronto CAN"]
[Date "2011.07.09"]
[Round "1"]
[White "Sharpe, Michael"]
[Black "Reshef, Omer"]
[Result "0-1"]
[WhiteElo "1662"]
[BlackElo "2145"]
[PlyCount "64"]
[GameId "2160767909706991"]
[EventDate "2011.07.09"]
[EventType "swiss"]
[EventRounds "9"]
[EventCountry "CAN"]
[SourceTitle "EXT 2022"]
[Source "ChessBase"]
[SourceDate "2021.10.06"]
[SourceVersion "1"]
[SourceVersionDate "2021.10.06"]
[SourceQuality "1"]

1. e4 e5 2. Nf3 Nc6 3. Nc3 Nf6 4. g3 Bc5 5. h3 d5 6. exd5 Nxd5 7. Bg2 Nxc3 8. bxc3 O-O 9. O-O Be6 10. d3 f6 11. a4 Qd7 12. Kh2 Rad8 13. Be3 Bxe3 14. fxe3 Na5 15. e4 c5 16. Qe1 b6 17. Qb1 Rf7 18. Qb5 Qc7 19. Qb2 Rfd7 20. c4 Nc6 21. Rf2 Rd6 22. Nd2 Nb4 23. Qc3 Qd7 24. Bf1 a5 25. Nf3 Qe8 26. Qe1 Bd7 27. d4 cxd4 28. c3 dxc3 29. Qxc3 Na6 30. g4 Nc5 31. Qe3 Bxa4 32. g5 Bc6 0-1

[Event "CAN-op (Pinnacle 48th CAN Op Ch)"]
[Site "Toronto CAN"]
[Date "2011.07.09"]
[Round "1"]
[White "Shebetah, Wajdy"]
[Black "Ugodnikov, Arkadiy"]
[Result "1/2-1/2"]
[WhiteElo "2194"]
[BlackElo "1818"]
[PlyCount "160"]
[GameId "2160767909706992"]
[EventDate "2011.07.09"]
[EventType "swiss"]
[EventRounds "9"]
[EventCountry "CAN"]
[SourceTitle "hb 2011"]

1. e4 e5 2. Nf3 Nc6 3. Bc4 Bc5 4. O-O Nf6 5. d4 Bxd4 6. Nxd4 Nxd4 7. f4 d6 8. fxe5 dxe5 9. Bg5 Be6 10. Bxf6 gxf6 11. Bxe6 Nxe6 12. Nc3 c6 13. Qxd8+ Rxd8 14. Rxf6 Nd4 15. Raf1 Rd7 16. R6f2 Rg8 17. Nd1 Rg4 18. Nc3 Rg6 19. g3 Kf8 20. Kg2 Kg7 21. h3 Rgd6 22. h4 Ne6 23. Re2 Rd2 24. Rff2 Rxe2 25. Rxe2 f6 26. Kf2 Kg6 27. Ke3 Rd4 28. Rf2 b6 29. a3 Nc5 30. Rf1 Ne6 31. Ne2 Rd7 32. b4 Nd4 33. Nxd4 Rxd4 34. c3 Rd8 35. g4 b5 36. Ke2 Rd7 37. a4 a6 38. axb5 cxb5 39. h5+ Kg7 40. Rf3 Rd6 41. Rd3 Rc6 42. Rd7+ Kh6 43. Kd3 Rb6 44. c4 bxc4+ 45. Kxc4 Rc6+ 46. Kd5 Rb6 47. Rd6 Rxd6+ 48. Kxd6 Kg5 49. Ke6 Kxg4 50. Kxf6 Kxh5 51. Kxe5 Kg4 52. Kd6 h5 53. e5 h4 54. e6 h3 55. e7 h2 56. e8=Q h1=Q 57. Qe2+ Kg5 58. Qd2+ Kg4 59. Kc5 Qh5+ 60. Qd5 Qe8 61. Qc4+ Kg5 62. Qxa6 Qe5+ 63. Kb6 Qd6+ 64. Ka5 Qd2 65. Qe6 Qd8+ 66. Qb6 Qd2 67. Qc5+ Kg4 68. Ka6 Qa2+ 69. Kb6 Qe6+ 70. Kb7 Qd7+ 71. Kb8 Kh4 72. b5 Qd8+ 73. Ka7 Qd7+ 74. Kb6 Qd8+ 75. Ka6 Qa8+ 76. Qa7 Qe4 77. b6 Qa4+ 78. Kb7 Qd7+ 79. Ka8 Qc8+ 80. Qb8 Qa6+ 1/2-1/2

[Event "CAN-op (Pinnacle 48th CAN Op Ch)"]
[Site "Toronto CAN"]
[Date "2011.07.09"]
[Round "1"]
[White "Sohal, Tanraj"]
[Black "Manalo, Pepin"]
[Result "1-0"]
[WhiteElo "2177"]
[BlackElo "1769"]
[PlyCount "81"]
[GameId "2160767909706993"]
[EventDate "2011.07.09"]
[EventType "swiss"]
[EventRounds "9"]
[EventCountry "CAN"]
[SourceTitle "hb 2011"]

1. d4 Nf6 2. c4 g6 3. Nc3 Bg7 4. e4 d6 5. f3 O-O 6. Be3 Nbd7 7. Nge2 e5 8. d5 Qe7 9. Qd2 Nb6 10. b3 Rd8 11. O-O-O c5 12. g4 a5 13. a4 Bd7 14. Ng3 Be8 15. h4 Qc7 16. h5 Nc8 17. Qh2 Na7 18. Bd3 Kf8 19. Qh4 Ng8 20. Kc2 Qe7 21. g5 f6 22. hxg6 hxg6 23. Rdf1 Bf7 24. Nce2 fxg5 25. Bxg5 Bf6 26. Bxf6 Qxf6 27. Qh3 Qe7 28. f4 Rd7 29. fxe5 dxe5 30. Rxf7+ Kxf7 31. Qh7+ Ke8 32. Qxg8+ Qf8 33. Qxf8+ Kxf8 34. Rh8+ Kg7 35. Rxa8 b6 36. Rb8 Kh6 37. Rxb6 Nc8 38. Rc6 Nd6 39. Rxc5 g5 40. Rc6 Kg7 41. Rxd6 1-0

[Event "CAN-op (Pinnacle 48th CAN Op Ch)"]
[Site "Toronto CAN"]
[Date "2011.07.09"]
[Round "1"]
[White "Strugach, Leonid"]
[Black "Razzaq, Ali"]
[Result "1-0"]
[WhiteElo "2324"]
[BlackElo "1967"]
[PlyCount "123"]
[GameId "2160767909706994"]
[EventDate "2011.07.09"]
[EventType "swiss"]
[EventRounds "9"]
[EventCountry "CAN"]
[SourceTitle "hb 2011"]

1. d4 d5 2. Nc3 Nf6 3. Bg5 c6 4. Nf3 h6 5. Bf4 Bf5 6. e3 e6 7. Bd3 Bxd3 8. cxd3 Bd6 9. Be5 O-O 10. Qb3 b6 11. O-O Ng4 12. Rac1 Bxe5 13. Nxe5 Nxe5 14. dxe5 Nd7 15. d4 f6 16. f4 fxe5 17. fxe5 Qg5 18. Ne2 c5 19. Ng3 c4 20. Qc3 h5 21. Qd2 h4 22. Ne2 Rf5 23. Rxf5 Qxf5 24. Rf1 Qg5 25. Nf4 Rf8 26. Qe2 b5 27. Qf3 Qf5 28. Qh3 Qxh3 29. Nxh3 Rxf1+ 30. Kxf1 Nb6 31. Ng5 Na4 32. Ke2 Nxb2 33. Nxe6 Nd3 34. Nc7 Nc1+ 35. Kd2 Nxa2 36. Nxb5 a5 37. Na3 Kf7 38. Nb5 Nb4 39. e4 dxe4 40. Nd6+ Ke7 41. Nxc4 a4 42. Ke3 Nc2+ 43. Kxe4 a3 44. Nxa3 Nxa3 45. d5 Nb5 46. Kf5 Kf7 47. Kg5 Nd4 48. Kxh4 Kg6 49. Kg4 Nf5 50. Kf4 Ne7 51. Ke4 Kf7 52. h4 Ng6 53. h5 Ne7 54. g4 Nc8 55. g5 Ne7 56. g6+ Ke8 57. d6 Ng8 58. Kd5 Nh6 59. Ke6 Kd8 60. d7 Kc7 61. Ke7 Nf5+ 62. Ke8 1-0

[Event "CAN-op (Pinnacle 48th CAN Op Ch)"]
[Site "Toronto CAN"]
[Date "2011.07.09"]
[Round "1"]
[White "Xu, Haizhou"]
[Black "Ye, Stephen"]
[Result "1-0"]
[WhiteElo "2151"]
[BlackElo "1792"]
[PlyCount "73"]
[GameId "2160767909706997"]
[EventDate "2011.07.09"]
[EventType "swiss"]
[EventRounds "9"]
[EventCountry "CAN"]
[SourceTitle "EXT 2022"]
[Source "ChessBase"]
[SourceDate "2021.10.06"]
[SourceVersion "1"]
[SourceVersionDate "2021.10.06"]
[SourceQuality "1"]

1. e4 c5 2. Nf3 Nc6 3. d4 cxd4 4. Nxd4 g6 5. Nc3 Bg7 6. Be3 Nf6 7. Bc4 Qa5 8. O-O O-O 9. Bb3 d6 10. h3 Bd7 11. f4 Nxd4 12. Bxd4 Bc6 13. Qe1 Qb4 14. Rd1 Nxe4 15. Bxg7 Kxg7 16. f5 Qc5+ 17. Kh1 Qe5 18. Rd3 Nxc3 19. Qxc3 Qxc3 20. Rxc3 Rac8 21. Re3 Rc7 22. Rxe7 Rfc8 23. f6+ Kf8 24. Rfe1 Rxe7 25. Rxe7 d5 26. c4 d4 27. c5 Be8 28. Rxb7 d3 29. Rxa7 d2 30. Kh2 Rb8 31. Bd1 Rxb2 32. Ra8 Rb4 33. c6 Rb1 34. Ba4 Rb4 35. Rxe8+ Kxe8 36. c7+ Rxa4 37. c8=Q# 1-0

[Event "CAN-op (Pinnacle 48th CAN Op Ch)"]
[Site "Toronto CAN"]
[Date "2011.07.09"]
[Round "1"]
[White "Yun, Chang"]
[Black "Drkulec, Vladimir"]
[Result "1/2-1/2"]
[WhiteElo "1572"]
[BlackElo "2138"]
[PlyCount "130"]
[GameId "2160767909706998"]
[EventDate "2011.07.09"]
[EventType "swiss"]
[EventRounds "9"]
[EventCountry "CAN"]

1. e4 e5 2. Nf3 Nc6 3. Bc4 Bc5 4. c3 Nf6 5. d3 d6 6. Nbd2 a6 7. Bb3 Be6 8. Nf1 d5 9. exd5 Nxd5 10. Ng3 O-O 11. O-O f6 12. Re1 Qd7 13. d4 exd4 14. cxd4 Bb4 15. Bd2 Bxd2 16. Qxd2 Bf7 17. a3 Rfe8 18. Bc2 Nce7 19. Nh4 Qg4 20. Nhf5 Nxf5 21. Bxf5 Qf4 22. Qxf4 Nxf4 23. Rac1 Nd5 24. Kf1 c6 25. Be4 g6 26. Bf3 f5 27. Bxd5 Bxd5 28. Ne2 Rad8 29. Nf4 Kf7 30. Re3 g5 31. Nd3 f4 32. Rxe8 Rxe8 33. Ne5+ Ke6 34. f3 Kd6 35. Kf2 b6 36. b4 Ra8 37. Ke2 a5 38. Kd2 axb4 39. axb4 Ra2+ 40. Rc2 Ra4 41. Nd3 Be6 42. Rb2 Kd5 43. Ne5 h6 44. Rc2 Rxb4 45. Nxc6 Rc4 46. Nd8 Rxd4+ 47. Ke2 Bd7 48. Rb2 b5 49. Nf7 Be6 50. Nxh6 b4 51. Ng4 Kc5 52. Ne5 Bc4+ 53. Nxc4 Kxc4 54. g3 b3 55. gxf4 gxf4 56. Rd2 Kc3 57. Rxd4 Kxd4 58. Kd2 b2 59. Kc2 Ke3 60. h4 Kxf3 61. h5 Kg2 62. h6 f3 63. h7 f2 64. h8=Q b1=Q+ 65. Kxb1 f1=Q+ 1/2-1/2

[Event "CAN-op (Pinnacle 48th CAN Op Ch)"]
[Site "Toronto CAN"]
[Date "2011.07.10"]
[Round "2"]
[White "Arencibia Rodriguez, Walter"]
[Black "Gulati, Ashish"]
[Result "1-0"]
[WhiteElo "2476"]
[BlackElo "2012"]
[PlyCount "73"]
[GameId "2160767909707000"]
[EventDate "2011.07.09"]
[EventType "swiss"]
[EventRounds "9"]
[EventCountry "CAN"]
[SourceTitle "CBM 143 Extra"]
[Source "ChessBase"]
[SourceDate "2011.08.29"]
[SourceVersion "1"]
[SourceVersionDate "2011.08.29"]
[SourceQuality "1"]

1. d4 g6 2. c4 Bg7 3. Nc3 d6 4. e4 Nc6 5. d5 Nd4 6. Be3 c5 7. Nge2 Qb6 8. Na4 Qa5+ 9. Bd2 Qa6 10. Nxd4 Bxd4 11. Bd3 Bg7 12. O-O Bd7 13. Nc3 Nf6 14. h3 e6 15. f4 O-O 16. Qf3 exd5 17. exd5 Qb6 18. b3 Qd8 19. Rae1 a6 20. a4 h6 21. f5 g5 22. Qg3 Ne8 23. Kh1 Be5 24. Rxe5 dxe5 25. Ne4 f6 26. Nxc5 Rf7 27. Ne6 Qb8 28. c5 Nc7 29. Qf3 Ne8 30. Be4 Qc8 31. Rc1 Rb8 32. Qh5 Ng7 33. Qxh6 Nxe6 34. fxe6 Bxe6 35. dxe6 Qxe6 36. Bxg5 Rbf8 37. Rf1 1-0

[Event "CAN-op (Pinnacle 48th CAN Op Ch)"]
[Site "Toronto CAN"]
[Date "2011.07.10"]
[Round "2"]
[White "Austria, Federico"]
[Black "Miller, David"]
[Result "0-1"]
[WhiteElo "2105"]
[BlackElo "1936"]
[PlyCount "100"]
[GameId "2160767909707002"]
[EventDate "2011.07.09"]
[EventType "swiss"]
[EventRounds "9"]
[EventCountry "CAN"]
[SourceTitle "hb 2011"]

1. d4 Nf6 2. Nf3 g6 3. c4 Bg7 4. Nc3 O-O 5. e4 d6 6. Bg5 h6 7. Be3 Ng4 8. Qd2 e5 9. dxe5 dxe5 10. Bc5 Qxd2+ 11. Nxd2 Rd8 12. f3 Na6 13. Be7 Rd7 14. fxg4 Rxe7 15. Be2 c6 16. a3 Nc5 17. O-O Ne6 18. b4 Nd4 19. Bd1 Be6 20. h3 Rd7 21. Ba4 Ne2+ 22. Nxe2 Rxd2 23. Ng3 Bxc4 24. Rfc1 Be6 25. b5 Rd4 26. Bd1 cxb5 27. Rc7 Rad8 28. Bf3 R4d7 29. Rc5 Bc4 30. a4 Bf8 31. Rxb5 Bxb5 32. axb5 Rd2 33. Rb1 Bc5+ 34. Kh2 Bd4 35. Be2 Rc8 36. h4 Rcc2 37. Bf1 a5 38. bxa6 bxa6 39. Rb8+ Kg7 40. h5 a5 41. g5 hxg5 42. Kh3 Bf2 43. hxg6 fxg6 44. Rb5 Bxg3 45. Kxg3 Rf2 46. Bd3 Rxg2+ 47. Kf3 Rcf2+ 48. Ke3 a4 49. Ra5 Ra2 50. Rxe5 Rg3+ 0-1

[Event "CAN-op (Pinnacle 48th CAN Op Ch)"]
[Site "Toronto CAN"]
[Date "2011.07.10"]
[Round "2"]
[White "Back, Jeff"]
[Black "Chidley-Hill, John"]
[Result "1-0"]
[WhiteElo "2053"]
[BlackElo "1787"]
[PlyCount "67"]
[GameId "2160767909707003"]
[EventDate "2011.07.09"]
[EventType "swiss"]
[EventRounds "9"]
[EventCountry "CAN"]
[SourceTitle "hb 2011"]

1. d4 Nf6 2. Nc3 d5 3. Bg5 Bf5 4. f3 Nbd7 5. Nxd5 Nxd5 6. e4 Bxe4 7. fxe4 N5b6 8. Nf3 h6 9. Bh4 g5 10. Bg3 Nf6 11. Bd3 Nh5 12. Be5 f6 13. Be2 Qd7 14. Nxg5 hxg5 15. Bxh5+ Kd8 16. Bg4 Qb5 17. Bg3 Qxb2 18. O-O Bg7 19. Qd3 Qb4 20. Rfb1 Qa4 21. Qc3 Qc6 22. Qxc6 bxc6 23. Rd1 Nc4 24. Be6 Nd6 25. e5 Nc8 26. c4 Nb6 27. Kf2 Rf8 28. Ke2 Ke8 29. Rab1 Rd8 30. c5 Na4 31. Be1 Rh8 32. h3 Rh4 33. Rb4 Nxc5 34. dxc5 1-0